书目信息 |
| 题名: |
木札岭
|
|
| 作者: | 常青山 | |
| 分册: | ||
| 出版信息: | 河南 洛阳木札岭旅游有限责任公司 |
|
| 页数: | 95页 | |
| 开本: | 28cm | |
| 丛书名: | ||
| 单 册: | ||
| 中图分类: | K928.7 | |
| 科图分类: | ||
| 主题词: | 地理--中国 | |
| 电子资源: | ||
| ISBN: | ||
| 000 | 00499nam0 2200181 450 | |
| 001 | 0956136128 | |
| 005 | 20090602154356.09 | |
| 010 | @d补丁 | |
| 100 | @a20090602d km y0chiy0120 ea | |
| 101 | 0 | @achi |
| 200 | 1 | @a木札岭@Amu zha ling@f常青山@Fchang qing shan |
| 210 | @a河南@c洛阳木札岭旅游有限责任公司 | |
| 215 | @a95页@d28cm | |
| 606 | 0 | @a地理@x中国 |
| 690 | @aK928.7@v4 | |
| 701 | 0 | @a常青山@Achang qing shan |
| 801 | 0 | @aCN@b大连网信软件有限公司图书馆·11@c20090602 |
| 905 | @aZUCC@dK928.7@eC285 | |
| 木札岭/常青山.-河南:洛阳木札岭旅游有限责任公司 |
| 95页;28cm |
| ISBN :补丁 |
| ● |
| 相关链接 |
|
|
|
正题名:木札岭
索取号:K928.7/C285
 
预约/预借
| 序号 | 登录号 | 条形码 | 馆藏地/架位号 | 状态 | 备注 |
| 1 | 468847 | 204688472 | 社科库309/309社科库 17排1列4层/ [索取号:K928.7/C285] | 在馆 |